| 000 | 00945nam a22003610a 4500 | ||
|---|---|---|---|
| 001 | PT52144 | ||
| 003 | AR-LpoUNG | ||
| 005 | 20210131231456.0 | ||
| 008 | 191001s1993||||ag |||||||||||||||||spa d | ||
| 020 |
_a9506650098 _c$37 |
||
| 040 |
_aAR-LpoUNG _bspa _cAR-LpoUNG _eaacr |
||
| 041 | _aspa | ||
| 044 | _aag | ||
| 082 | 0 | _aA863 982jer | |
| 100 | 1 | _aBustamante, Joaquín T. | |
| 245 | 1 | 0 |
_aJeromos y Gonzalos : _bel Cordobazo |
| 260 |
_aRío Cuarto : _bUniversidad Nacional de Río Cuarto, _cnoviembre 1993. |
||
| 300 |
_a215 p. : _bgráfs. |
||
| 650 | 4 | _aANALISIS HISTORICO | |
| 650 | 4 | _aARGENTINA | |
| 650 | 4 | _aCRISIS POLITICA | |
| 650 | 4 | _aCRISIS SOCIAL | |
| 650 | 4 | _aDICTADURA | |
| 650 | 4 | _aGOBIERNO MILITAR | |
| 650 | 4 | _aHISTORIA POLITICA | |
| 650 | 4 | _aLITERATURA | |
| 650 | 4 | _aNOVELAS | |
| 650 | 4 | _aPROBLEMAS POLITICOS | |
| 650 | 4 | _aPROBLEMAS SOCIALES | |
| 651 | 4 | _aArgentina | |
| 905 | _a52144 | ||
| 942 | _cLIB | ||
| 999 |
_c10263 _d10263 |
||